[Event "España tch División de Honor 2013"]
[Site "Linares ESP"]
[Date "2013.09.10"]
[Round "3.44"]
[White "Antipov, Mikhail Al"]
[Black "Bauer, Christian"]
[Result "0-1"]
[WhiteElo "2515"]
[BlackElo "2622"]
[PlyCount "100"]
[EventDate "2013.09.08"]
[EventType "team-tourn"]
[EventRounds "7"]
[EventCountry "ESP"]
[Source "lmi"]
[SourceDate "2013.09.08"]

1. e4 e6 2. d4 d5 3. Nd2 h6 4. Ngf3 Nf6 5. e5 Nfd7 6. Bd3 c5 7. c3 Nc6 8. O-O
g5 9. h3 h5 10. c4 Be7 11. cxd5 exd5 12. e6 fxe6 13. Bg6+ Kf8 14. Re1 Kg7 15.
Bc2 g4 16. hxg4 hxg4 17. Ne5 Ndxe5 18. dxe5 Qg8 19. Qxg4+ Kf7 20. Qf4+ Ke8 21.
Nf3 Bd7 22. Qg3 Qxg3 23. fxg3 Rg8 24. Kf2 Kd8 25. Rh1 c4 26. Bf4 Kc7 27. Rac1
Raf8 28. Rh7 Bc5+ 29. Kf1 Kc8 30. Ba4 Be8 31. b3 Bg6 32. Rh6 Bd3+ 33. Ke1 Rxf4
34. gxf4 Rxg2 35. Rh2 Bb4+ 36. Kd1 Be2+ 37. Kc2 Bd3+ 38. Kd1 Be2+ 39. Kc2 Bxf3+
40. Rxg2 Nd4+ 41. Kb2 Bxg2 42. bxc4 Bd2 43. Rg1 Be4 44. Rg8+ Kc7 45. c5 b5 46.
cxb6+ Kxb6 47. Rf8 Bf5 48. Bd7 a5 49. a3 Ne2 50. Ka2 Nxf4 0-1

[Event "España tch División de Honor 2013"]
[Site "Linares ESP"]
[Date "2013.09.10"]
[Round "3.45"]
[White "Franco Alonso, Alejandro"]
[Black "Santos Latasa, Jaime"]
[Result "0-1"]
[WhiteElo "2483"]
[BlackElo "2452"]
[PlyCount "127"]
[EventDate "2013.09.08"]
[EventType "team-tourn"]
[EventRounds "7"]
[EventCountry "ESP"]
[Source "lmi"]
[SourceDate "2013.09.08"]

1. Nf3 Nf6 2. c4 e6 3. g3 d5 4. Bg2 dxc4 5. Qa4+ c6 6. Qxc4 b5 7. Qc2 Bb7 8.
Nc3 a6 9. a4 Nbd7 10. O-O Be7 11. Rd1 O-O 12. d4 Qb6 13. Be3 Nd5 14. Bg5 f6 15.
Bc1 Rfd8 16. e4 Nxc3 17. bxc3 c5 18. axb5 axb5 19. Rxa8 Bxa8 20. Be3 Nf8 21.
Rb1 Qc6 22. Ne1 cxd4 23. cxd4 Qxc2 24. Nxc2 Rc8 25. Rb2 Nd7 26. Ne1 Rb8 27. Nd3
Kf7 28. Bf4 Rb6 29. Kf1 g5 30. Be3 Rb8 31. f3 f5 32. h3 h6 33. Ke2 Ke8 34. h4
Kf7 35. hxg5 hxg5 36. Nc5 Nxc5 37. dxc5 b4 38. Bd4 Bf6 39. e5 Be7 40. Ke3 Rb5
41. Bf1 Rxc5 42. Bxc5 Bxc5+ 43. Ke2 Bd5 44. Kd3 Bxf3 45. Kc4 Be7 46. Bg2 Bd1
47. Rd2 Ba4 48. g4 fxg4 49. Be4 Kg7 50. Rh2 Bd1 51. Rh7+ Kf8 52. Rh2 g3 53. Rg2
g4 54. Rxg3 Be2+ 55. Kd4 Bh4 56. Rg2 Bf3 57. Rh2 g3 58. Rxh4 g2 59. Rh8+ Kg7
60. Rh7+ Kg8 61. Rh4 Kf8 62. Rg4 Bxg4 63. Bxg2 Be2 64. Bc6 0-1

[Event "España tch División de Honor 2013"]
[Site "Linares ESP"]
[Date "2013.09.11"]
[Round "4.11"]
[White "Spraggett, Kevin"]
[Black "Sargissian, Gabriel"]
[Result "1/2-1/2"]
[WhiteElo "2568"]
[BlackElo "2671"]
[PlyCount "102"]
[EventDate "2013.09.08"]
[EventType "team-tourn"]
[EventRounds "7"]
[EventCountry "ESP"]
[Source "lmi"]
[SourceDate "2013.09.08"]

1. e4 e5 2. Nf3 Nc6 3. Bb5 a6 4. Ba4 Nf6 5. O-O Be7 6. d3 b5 7. Bb3 d6 8. c3
O-O 9. Re1 Na5 10. Bc2 c5 11. Nbd2 Nc6 12. Nf1 h6 13. h3 Re8 14. Ne3 Bf8 15. a4
Be6 16. Nh2 d5 17. axb5 axb5 18. Rxa8 Qxa8 19. exd5 Nxd5 20. Neg4 Nf4 21. Nf3
Ng6 22. Bd2 Bd6 23. Bb3 Qc8 24. Ngh2 Rd8 25. Bc2 Bf5 26. Qe2 Bf8 27. Bc1 Rd6
28. Rd1 Qd7 29. Ne1 Nce7 30. Ng4 f6 31. Qf3 Qc6 32. Bb3+ Kh8 33. Qxc6 Nxc6 34.
Ne3 Bd7 35. Bc2 Nf4 36. Kf1 g6 37. h4 Ne7 38. Bd2 Ra6 39. g3 Ne6 40. Bb3 h5 41.
Nd5 Nxd5 42. Bxd5 Nc7 43. Bb3 Be6 44. Bxe6 Nxe6 45. Nc2 Ra2 46. Rb1 Kg8 47. Ke2
Kf7 48. Kd1 Nc7 49. b4 Ke6 50. c4 cxb4 51. Nxb4 Ra4 1/2-1/2

[Event "España tch División de Honor 2013"]
[Site "Linares ESP"]
[Date "2013.09.11"]
[Round "4.12"]
[White "Svetushkin, Dmitry"]
[Black "Moskalenko, Viktor"]
[Result "1-0"]
[WhiteElo "2614"]
[BlackElo "2524"]
[PlyCount "65"]
[EventDate "2013.09.08"]
[EventType "team-tourn"]
[EventRounds "7"]
[EventCountry "ESP"]
[Source "lmi"]
[SourceDate "2013.09.08"]

1. e4 d6 2. d4 Nf6 3. f3 c5 4. d5 e5 5. c4 Be7 6. Be3 O-O 7. Qd2 Ne8 8. Ne2 f5
9. exf5 Bxf5 10. Nbc3 Nd7 11. Ng3 Bh4 12. O-O-O Bg6 13. Nge4 a6 14. Bg5 Bxg5
15. Nxg5 Qe7 16. h4 h6 17. Ne6 Rf7 18. g4 Nf8 19. h5 Bh7 20. g5 hxg5 21. Nxg5
Rf4 22. Qg2 Bf5 23. Nge4 Nf6 24. Bd3 Nxe4 25. Bxe4 Bxe4 26. Nxe4 b5 27. Rdg1
bxc4 28. Rh3 Ra7 29. Rg3 Kh8 30. Nxd6 Qf6 31. Ne8 Qh6 32. Qd2 Ra8 33. Rh1 1-0

[Event "España tch División de Honor 2013"]
[Site "Linares ESP"]
[Date "2013.09.11"]
[Round "4.13"]
[White "Cruz, Cristhian"]
[Black "Perez Candelario, Manuel"]
[Result "0-1"]
[WhiteElo "2529"]
[BlackElo "2569"]
[PlyCount "96"]
[EventDate "2013.09.08"]
[EventType "team-tourn"]
[EventRounds "7"]
[EventCountry "ESP"]
[Source "lmi"]
[SourceDate "2013.09.08"]

1. d4 g6 2. c4 Bg7 3. Nc3 d6 4. Nf3 e5 5. dxe5 dxe5 6. Qxd8+ Kxd8 7. Bg5+ f6 8.
O-O-O+ Ke8 9. Bd2 Be6 10. e3 Nh6 11. Be2 Nf7 12. Be1 c6 13. Nd2 Bf8 14. f3 Be7
15. Bf2 Kf8 16. a3 Kg7 17. e4 Nd7 18. Nb3 Rhc8 19. Rd2 f5 20. Kb1 b6 21. exf5
gxf5 22. g4 fxg4 23. fxg4 Bg5 24. Rdd1 Nf6 25. Rhg1 Rd8 26. h4 Bf4 27. g5 Bf5+
28. Ka2 Ne4 29. Nxe4 Bxe4 30. Rde1 Nd6 31. c5 bxc5 32. Nxc5 Bd5+ 33. Ka1 Rf8
34. Bg4 Bh2 35. Bg3 Bxg3 36. Rxg3 e4 37. Ne6+ Bxe6 38. Bxe6 Rad8 39. Rc3 Rde8
40. Bd7 Re7 41. Bxc6 Rf4 42. Rd3 Nf5 43. Rd8 Rxh4 44. Rf1 e3 45. Bb5 Rd4 46.
Ra8 Nd6 47. Ba6 Nf7 48. b4 Rd2 0-1

[Event "España tch División de Honor 2013"]
[Site "Linares ESP"]
[Date "2013.09.11"]
[Round "4.14"]
[White "Antipov, Mikhail Al"]
[Black "Libiszewski, Fabien"]
[Result "1/2-1/2"]
[WhiteElo "2515"]
[BlackElo "2520"]
[PlyCount "97"]
[EventDate "2013.09.08"]
[EventType "team-tourn"]
[EventRounds "7"]
[EventCountry "ESP"]
[Source "lmi"]
[SourceDate "2013.09.08"]

1. e4 d6 2. d4 Nf6 3. Bd3 e5 4. c3 d5 5. dxe5 Nxe4 6. Nd2 Nc6 7. Ngf3 Nc5 8.
Nb3 Nxd3+ 9. Qxd3 Be7 10. Nbd4 O-O 11. O-O Nxd4 12. Nxd4 c5 13. Nf5 Bxf5 14.
Qxf5 Qb6 15. Re1 Rad8 16. b3 Qe6 17. Qd3 b6 18. f4 f5 19. Be3 d4 20. cxd4 cxd4
21. Bd2 Rc8 22. Rac1 Ba3 23. Rxc8 Rxc8 24. Kf1 Bb2 25. Rb1 Bc3 26. Rc1 Qh6 27.
Kg1 Rc5 28. Bxc3 dxc3 29. Qd8+ Kf7 30. Qd7+ Kf8 31. Qd8+ Kf7 32. Qd7+ Kf8 33.
Qxf5+ Ke7 34. Rd1 Qg6 35. Qd7+ Kf8 36. e6 Qe8 37. Qd6+ Kg8 38. Qd7 Kf8 39. b4
c2 40. Rc1 Rc6 41. b5 Rc5 42. Qd6+ Qe7 43. Qb8+ Qe8 44. Qd6+ Qe7 45. Qb8+ Qe8
46. e7+ Kf7 47. Kf2 Ke6 48. Ke3 Kf5 49. g3 1/2-1/2

[Event "España tch División de Honor 2013"]
[Site "Linares ESP"]
[Date "2013.09.11"]
[Round "4.15"]
[White "Gual Pascual, Antonio"]
[Black "Santos Latasa, Jaime"]
[Result "0-1"]
[WhiteElo "2468"]
[BlackElo "2452"]
[PlyCount "110"]
[EventDate "2013.09.08"]
[EventType "team-tourn"]
[EventRounds "7"]
[EventCountry "ESP"]
[Source "lmi"]
[SourceDate "2013.09.08"]

1. d4 d5 2. c4 e6 3. Nc3 c6 4. Nf3 Nf6 5. cxd5 exd5 6. Bg5 Be7 7. Qc2 g6 8. e3
Bf5 9. Bd3 Bxd3 10. Qxd3 Nbd7 11. Bh6 Bf8 12. Bxf8 Kxf8 13. b4 a6 14. O-O Qe7
15. Nd2 Kg7 16. Rab1 b5 17. a4 Nb6 18. a5 Nc4 19. Ne2 h5 20. Qc3 Rae8 21. Nf4
Qd6 22. Rfe1 h4 23. Nd3 Ng4 24. Ne5 Ngxe5 25. dxe5 Qxe5 26. Qxe5+ Nxe5 27. Rec1
Rc8 28. Rc3 Rc7 29. Nb3 Nd7 30. Rd1 Rhc8 31. Nc5 Nxc5 32. Rxc5 f5 33. f3 Kf6
34. e4 fxe4 35. fxe4 dxe4 36. Rd6+ Kf7 37. Kf2 Re7 38. Ke3 h3 39. g4 Re6 40.
Rxe6 Kxe6 41. Kxe4 Kd6 42. Kf4 Rf8+ 43. Kg3 Re8 44. Rg5 Re4 45. Rxg6+ Kd5 46.
Rg7 Rxb4 47. Ra7 c5 48. g5 Rb1 49. Kxh3 Rg1 50. Kh4 c4 51. Rd7+ Kc6 52. Rd8 b4
53. Rc8+ Kd5 54. Rd8+ Ke6 55. Re8+ Kf7 0-1

[Event "España tch División de Honor 2013"]
[Site "Linares ESP"]
[Date "2013.09.11"]
[Round "4.16"]
[White "Moreno Tejera, Emilio"]
[Black "Bofill Mas, Alejandro"]
[Result "1-0"]
[WhiteElo "2394"]
[BlackElo "2353"]
[PlyCount "48"]
[EventDate "2013.09.08"]
[EventType "team-tourn"]
[EventRounds "7"]
[EventCountry "ESP"]
[Source "lmi"]
[SourceDate "2013.09.08"]

1. e4 c5 2. Nf3 e6 3. d4 cxd4 4. Nxd4 Nf6 5. Nc3 d6 6. g4 Be7 7. g5 Nfd7 8. h4
Nb6 9. Be3 Nc6 10. Qe2 O-O 11. O-O-O Bd7 12. Kb1 Nxd4 13. Bxd4 Rc8 14. f4 Nc4
15. Qf2 Qa5 16. Bxc4 Rxc4 17. f5 Rfc8 18. Bxg7 b5 19. Bf6 b4 20. Nd5 Bf8 21. g6
exd5 22. gxh7+ Kxh7 23. Qe1 Ra8 24. Bd8 Qxd8 1-0

[Event "España tch División de Honor 2013"]
[Site "Linares ESP"]
[Date "2013.09.11"]
[Round "4.21"]
[White "Anton Guijarro, David"]
[Black "Naiditsch, Arkadij"]
[Result "0-1"]
[WhiteElo "2574"]
[BlackElo "2710"]
[PlyCount "164"]
[EventDate "2013.09.08"]
[EventType "team-tourn"]
[EventRounds "7"]
[EventCountry "ESP"]
[Source "lmi"]
[SourceDate "2013.09.08"]

1. d4 Nf6 2. Nf3 d5 3. c4 e6 4. e3 Be7 5. b3 O-O 6. Bd3 c5 7. O-O cxd4 8. exd4
Nc6 9. Bb2 b6 10. Nbd2 Bb7 11. Rc1 Rc8 12. Qe2 Re8 13. Rfd1 Bf8 14. Nf1 g6 15.
Ne3 Bg7 16. c5 Nd7 17. Bb5 a6 18. Bxc6 Bxc6 19. b4 Bb5 20. Qd2 Nf6 21. Qc2 Ne4
22. Nd2 Nxd2 23. Qxd2 h5 24. a3 Re7 25. Re1 Rb7 26. Bc3 Kh7 27. Qd1 bxc5 28.
bxc5 Rcb8 29. h3 Bc6 30. Qe2 a5 31. Qd2 Qf6 32. a4 Rb3 33. Nc2 Bh6 34. Ne3 Bg7
35. Nc2 Qf5 36. Ne3 Qf4 37. Nf1 Qxd2 38. Nxd2 Ra3 39. Nf3 Bh6 40. Bd2 Bxd2 41.
Nxd2 Rxa4 42. Nf3 Rab4 43. g4 a4 44. Ra1 Be8 45. g5 Kg7 46. Kg2 Kf8 47. Kg3 Ke7
48. h4 Kd8 49. Kf4 Rb2 50. Kg3 R8b4 51. Re3 Kc7 52. Rea3 Bb5 53. R1a2 Re2 54.
Ne5 Rxd4 55. Rxe2 Bxe2 56. f3 Bd1 57. Nxf7 Bc2 58. Ne5 Rb4 59. Rc3 Bf5 60. c6
Rb5 61. Kf4 Ra5 62. Ra3 Kd6 63. Rc3 Ra7 64. Ra3 Ra8 65. Rc3 d4 66. Rc4 a3 67.
c7 a2 68. Rc6+ Kd5 69. Ra6 Rf8 70. Ra5+ Kd6 71. c8=Q Rxc8 72. Rxa2 Rc2 73. Ra6+
Kc5 74. Ra8 Kb4 75. Rg8 d3 76. Rd8 Kc3 77. Rd6 Re2 78. Rc6+ Kd2 79. Nc4+ Ke1
80. Rd6 d2 81. Nb2 e5+ 82. Kg3 Kf1 0-1

[Event "España tch División de Honor 2013"]
[Site "Linares ESP"]
[Date "2013.09.11"]
[Round "4.22"]
[White "Van Wely, Loek"]
[Black "Almagro Llamas, Pablo"]
[Result "1-0"]
[WhiteElo "2701"]
[BlackElo "2477"]
[PlyCount "53"]
[EventDate "2013.09.08"]
[EventType "team-tourn"]
[EventRounds "7"]
[EventCountry "ESP"]
[Source "lmi"]
[SourceDate "2013.09.08"]

1. d4 Nf6 2. c4 e6 3. Nf3 Bb4+ 4. Nc3 d5 5. cxd5 exd5 6. Bg5 h6 7. Bh4 c5 8.
dxc5 Nc6 9. e3 g5 10. Bg3 Ne4 11. Rc1 Qa5 12. Qb3 Be6 13. Nd4 Nxc5 14. Qc2 Nxd4
15. exd4 Ne4 16. Bd3 Qxa2 17. Bxe4 dxe4 18. d5 Bxd5 19. O-O Bxc3 20. Qxc3 O-O
21. Rfd1 f6 22. h4 Kg7 23. Be5 Rac8 24. Bxf6+ Kg6 25. h5+ Kf7 26. Qe5 Be6 27.
Rd7+ 1-0

[Event "España tch División de Honor 2013"]
[Site "Linares ESP"]
[Date "2013.09.11"]
[Round "4.23"]
[White "Rubio Mejia, Luis Ignacio"]
[Black "Bauer, Christian"]
[Result "1/2-1/2"]
[WhiteElo "2445"]
[BlackElo "2622"]
[PlyCount "66"]
[EventDate "2013.09.08"]
[EventType "team-tourn"]
[EventRounds "7"]
[EventCountry "ESP"]
[Source "lmi"]
[SourceDate "2013.09.08"]

1. d4 a6 2. Nf3 e6 3. c4 b5 4. cxb5 axb5 5. e4 Bb7 6. Bxb5 Bxe4 7. Nc3 Bxf3 8.
Qxf3 c6 9. O-O d5 10. Bd3 Nf6 11. Qg3 Nbd7 12. Be3 g6 13. Rfc1 Nh5 14. Qf3 Bg7
15. Qd1 O-O 16. Be2 Nhf6 17. Na4 Qa5 18. b3 Rfc8 19. Rc2 Qa7 20. Rac1 Qb7 21.
Bd3 Ne8 22. h3 Bf8 23. Qe2 Ba3 24. Rd1 Ng7 25. Bf4 Re8 26. Qd2 f6 27. Qc3 Rec8
28. Qe1 Re8 29. Qc3 Rec8 30. Qe1 Bb4 31. Qe3 Ba3 32. Bf1 Re8 33. Qc3 Rec8
1/2-1/2

[Event "España tch División de Honor 2013"]
[Site "Linares ESP"]
[Date "2013.09.11"]
[Round "4.24"]
[White "Franco Alonso, Alejandro"]
[Black "Martinez Martin, David"]
[Result "1/2-1/2"]
[WhiteElo "2483"]
[BlackElo "2386"]
[PlyCount "100"]
[EventDate "2013.09.08"]
[EventType "team-tourn"]
[EventRounds "7"]
[EventCountry "ESP"]
[Source "lmi"]
[SourceDate "2013.09.08"]

1. c4 f5 2. g3 Nf6 3. Nc3 g6 4. Bg2 Bg7 5. d3 O-O 6. e4 Nc6 7. exf5 gxf5 8. d4
Qe8 9. Nge2 Qf7 10. b3 d6 11. d5 Ne5 12. O-O c5 13. dxc6 Nxc6 14. Bb2 Ne4 15.
Rc1 Nb4 16. a3 Na2 17. Rc2 Naxc3 18. Nxc3 Nxc3 19. Bxc3 f4 20. Bd5 Be6 21. Bxe6
Qxe6 22. Re1 Qf7 23. Bxg7 Kxg7 24. Re4 fxg3 25. hxg3 Rad8 26. Rf4 Qe8 27. Rh4
e5 28. Rd2 Qe7 29. Qg4+ Kh8 30. Rh6 Rf6 31. Rh4 Rdf8 32. Qe4 R8f7 33. Rh5 Qc7
34. c5 Qxc5 35. Rc2 d5 36. Qxh7+ Rxh7 37. Rxh7+ Kxh7 38. Rxc5 Rd6 39. Rc7+ Kg6
40. Rxb7 Kf5 41. Kf1 Rc6 42. Ke2 Rc3 43. f3 e4 44. fxe4+ Kxe4 45. g4 Rg3 46.
Re7+ Kf4 47. Rxa7 Rxb3 48. Ra4+ Kg5 49. Rd4 Rxa3 50. Rxd5+ Kxg4 1/2-1/2

[Event "España tch División de Honor 2013"]
[Site "Linares ESP"]
[Date "2013.09.11"]
[Round "4.26"]
[White "Argandoña Riveiro, Iñigo"]
[Black "Perez de Aranda, Leonardo Ivan"]
[Result "1-0"]
[WhiteElo "2386"]
[BlackElo "2160"]
[PlyCount "61"]
[EventDate "2013.09.08"]
[EventType "team-tourn"]
[EventRounds "7"]
[EventCountry "ESP"]
[Source "lmi"]
[SourceDate "2013.09.08"]

1. c4 e5 2. Nc3 Nc6 3. g3 Bc5 4. Bg2 a6 5. e3 Nf6 6. Nge2 Ba7 7. O-O h5 8. d4
h4 9. d5 Ne7 10. d6 Nf5 11. dxc7 Qxc7 12. Nd5 Nxd5 13. Qxd5 Ne7 14. Qd3 d6 15.
Rd1 Bg4 16. b3 hxg3 17. hxg3 O-O-O 18. Ba3 Rh6 19. Rd2 f5 20. Nc3 e4 21. Nxe4
fxe4 22. Qxe4 Bh5 23. g4 Be8 24. g5 Rg6 25. Qf4 Bc6 26. Bh3+ Kb8 27. Rad1 Rh8
28. Bxd6 Rxd6 29. Rxd6 Rxh3 30. Rd8+ Nc8 31. Rxc8+ 1-0

[Event "España tch División de Honor 2013"]
[Site "Linares ESP"]
[Date "2013.09.11"]
[Round "4.31"]
[White "Nisipeanu, Liviu-Dieter"]
[Black "Dominguez Perez, Leinier"]
[Result "1/2-1/2"]
[WhiteElo "2665"]
[BlackElo "2757"]
[PlyCount "127"]
[EventDate "2013.09.08"]
[EventType "team-tourn"]
[EventRounds "7"]
[EventCountry "ESP"]
[Source "lmi"]
[SourceDate "2013.09.08"]

1. e4 c5 2. c3 Nf6 3. e5 Nd5 4. d4 cxd4 5. Nf3 Nc6 6. cxd4 d6 7. Bc4 dxe5 8.
dxe5 Nb6 9. Qxd8+ Nxd8 10. Bb3 g6 11. Nd4 Bd7 12. Be3 Bg7 13. f4 O-O 14. Nc3
Nc6 15. Nxc6 Bxc6 16. O-O e6 17. a4 Rfc8 18. a5 Nd7 19. Rfd1 Bf8 20. Ba4 Nc5
21. Bxc6 Rxc6 22. Nb5 a6 23. Nd6 Bxd6 24. Rxd6 Rxd6 25. exd6 Ne4 26. Bb6 Nxd6
27. Rd1 Nc4 28. Rd7 Nxb6 29. axb6 Rc8 30. Rc7 Rd8 31. Rxb7 Rd2 32. b3 Rb2 33.
g4 Rxb3 34. Kg2 h6 35. h4 Kg7 36. g5 h5 37. Rb8 a5 38. b7 a4 39. Ra8 Rxb7 40.
Rxa4 Kf8 41. Ra8+ Ke7 42. Ra6 Rd7 43. Kf3 Rc7 44. Kg2 Kd8 45. Kf3 Kd7 46. Kg2
Kc8 47. Kf3 Rc3+ 48. Kg2 Kb7 49. Rd6 Rc5 50. Rd7+ Rc7 51. Rxc7+ Kxc7 52. Kf3
Kc6 53. Ke4 Kd7 54. Kd4 Ke8 55. Ke4 Ke7 56. Ke5 Kd7 57. Kd4 Kd6 58. Ke4 Ke7 59.
Ke5 f6+ 60. gxf6+ Kf7 61. Kd4 Kxf6 62. Ke4 Kf7 63. Ke5 Ke7 64. Ke4 1/2-1/2

[Event "España tch División de Honor 2013"]
[Site "Linares ESP"]
[Date "2013.09.11"]
[Round "4.32"]
[White "Giri, Anish"]
[Black "Negi, Parimarjan"]
[Result "1/2-1/2"]
[WhiteElo "2737"]
[BlackElo "2662"]
[PlyCount "111"]
[EventDate "2013.09.08"]
[EventType "team-tourn"]
[EventRounds "7"]
[EventCountry "ESP"]
[Source "lmi"]
[SourceDate "2013.09.08"]

1. Nf3 Nf6 2. g3 d5 3. c4 c6 4. Bg2 g6 5. b3 Bg7 6. Bb2 O-O 7. O-O dxc4 8. bxc4
c5 9. d3 Nc6 10. Ne5 Nd4 11. e3 Nf5 12. Qc2 Rb8 13. Nd2 Nd7 14. Nef3 e5 15. a4
a5 16. Ne4 b6 17. Nc3 Bb7 18. Rad1 Ne7 19. Nb5 Nc6 20. h4 Nb4 21. Qe2 Qe7 22.
h5 Rbd8 23. Nh4 Bxg2 24. Kxg2 Nb8 25. e4 N8c6 26. Rh1 Rd7 27. Nc3 Nd4 28. Qe3
g5 29. h6 Bxh6 30. g4 Bg7 31. Nf5 Nxf5 32. gxf5 f6 33. Nd5 Nxd5 34. exd5 Qe8
35. Qh3 h6 36. Ra1 Rff7 37. Qh5 Rfe7 38. f3 Bf8 39. Bc3 Rd6 40. Kg3 Qxh5 41.
Rxh5 Ra7 42. Rh2 Kg7 43. Rah1 Kh7 44. Kg4 Ra8 45. Kh5 Kg7 46. Bd2 Be7 47. Re2
Kf7 48. Rhe1 Bf8 49. Be3 Rc8 50. Rb1 Be7 51. Reb2 Bd8 52. Kxh6 Bc7 53. Kh5 Rh8+
54. Kg4 Rh4+ 55. Kg3 e4 56. f4 1/2-1/2

[Event "España tch División de Honor 2013"]
[Site "Linares ESP"]
[Date "2013.09.11"]
[Round "4.33"]
[White "Ganguly, Surya Shekhar"]
[Black "Vachier-Lagrave, Maxime"]
[Result "1/2-1/2"]
[WhiteElo "2630"]
[BlackElo "2722"]
[PlyCount "53"]
[EventDate "2013.09.08"]
[EventType "team-tourn"]
[EventRounds "7"]
[EventCountry "ESP"]
[Source "lmi"]
[SourceDate "2013.09.08"]

1. e4 c5 2. Nf3 d6 3. d4 cxd4 4. Nxd4 Nf6 5. Nc3 a6 6. Be3 Ng4 7. Bc1 Nf6 8.
Be3 Ng4 9. Bg5 h6 10. Bh4 g5 11. Bg3 Bg7 12. Be2 h5 13. Bxg4 hxg4 14. Nd5 Nc6
15. Nf5 Bxf5 16. exf5 Bxb2 17. Rb1 Qa5+ 18. Qd2 Bf6 19. Rxb7 O-O 20. Nxe7+ Kg7
21. Nxc6 Rfe8+ 22. Kd1 Qxa2 23. Nb4 Qa1+ 24. Qc1 Qd4+ 25. Qd2 Qa1+ 26. Qc1 Qd4+
27. Qd2 1/2-1/2

[Event "España tch División de Honor 2013"]
[Site "Linares ESP"]
[Date "2013.09.11"]
[Round "4.34"]
[White "Edouard, Romain"]
[Black "Delchev, Aleksander"]
[Result "0-1"]
[WhiteElo "2665"]
[BlackElo "2637"]
[PlyCount "58"]
[EventDate "2013.09.08"]
[EventType "team-tourn"]
[EventRounds "7"]
[EventCountry "ESP"]
[Source "lmi"]
[SourceDate "2013.09.08"]

1. d4 d5 2. Nf3 Nf6 3. c4 dxc4 4. e3 Bg4 5. Bxc4 e6 6. Nc3 Nc6 7. Bb5 Bd6 8.
Qa4 Bxf3 9. gxf3 O-O 10. Bxc6 bxc6 11. Qxc6 Rb8 12. f4 Nd5 13. Qc4 Qd7 14. a3
Rfc8 15. Qd3 Rb3 16. Qc2 Rcb8 17. Ne4 Qa4 18. O-O Nxf4 19. Nc3 Nh3+ 20. Kg2 Qc4
21. f4 g5 22. Qd1 Rxb2+ 23. Bxb2 Rxb2+ 24. Kxh3 Qxc3 25. Qg4 Qxe3+ 26. Qg3 Bxf4
27. Qxe3 Rxh2+ 28. Kg4 h5+ 29. Kf3 Rh3+ 0-1

[Event "España tch División de Honor 2013"]
[Site "Linares ESP"]
[Date "2013.09.11"]
[Round "4.35"]
[White "Ubilava, Elizbar"]
[Black "Salgado Lopez, Ivan"]
[Result "1-0"]
[WhiteElo "2498"]
[BlackElo "2614"]
[PlyCount "117"]
[EventDate "2013.09.08"]
[EventType "team-tourn"]
[EventRounds "7"]
[EventCountry "ESP"]
[Source "lmi"]
[SourceDate "2013.09.08"]

1. c4 c5 2. Nc3 g6 3. g3 Bg7 4. Bg2 Nc6 5. Nf3 d6 6. O-O Bf5 7. d3 Qd7 8. a3
Bh3 9. Rb1 Bxg2 10. Kxg2 e6 11. Bd2 Nge7 12. b4 b6 13. h4 h6 14. bxc5 dxc5 15.
a4 O-O 16. Qc1 Kh7 17. a5 Nxa5 18. Ne4 f5 19. Nxc5 Qc6 20. Bxa5 bxc5 21. Bc3 e5
22. Qb2 f4 23. Bxe5 Bxe5 24. Qxe5 Rae8 25. Qe4 fxg3 26. Rb7 Qd6 27. Qe5 Qxe5
28. Nxe5 Kg8 29. Nd7 Rf7 30. Nxc5 Ref8 31. f4 g5 32. hxg5 hxg5 33. Kxg3 Rc8 34.
Nd7 Nf5+ 35. Kf2 Nd6 36. Rxa7 Rd8 37. Rg1 Rfxd7 38. Rxg5+ Kf7 39. Rxd7+ Rxd7
40. e4 Ne8 41. Ke3 Ra7 42. e5 Ra1 43. f5 Re1+ 44. Kd4 Rd1 45. Ke4 Rc1 46. Kd5
Rd1 47. d4 Nc7+ 48. Kc6 Rxd4 49. Kxc7 Rxc4+ 50. Kd6 Rd4+ 51. Kc6 Rd1 52. e6+
Kf6 53. Rg8 Rc1+ 54. Kd7 Rd1+ 55. Ke8 Ra1 56. Rf8+ Kg7 57. f6+ Kg6 58. e7 Rd1
59. f7 1-0

[Event "España tch División de Honor 2013"]
[Site "Linares ESP"]
[Date "2013.09.11"]
[Round "4.36"]
[White "Romero Holmes, Alfonso"]
[Black "De la Villa Garcia, Jesus Maria"]
[Result "1/2-1/2"]
[WhiteElo "2518"]
[BlackElo "2477"]
[PlyCount "149"]
[EventDate "2013.09.08"]
[EventType "team-tourn"]
[EventRounds "7"]
[EventCountry "ESP"]
[Source "lmi"]
[SourceDate "2013.09.08"]

1. c4 e6 2. g3 d5 3. Bg2 dxc4 4. Qa4+ Nd7 5. Qxc4 a6 6. Qc2 Rb8 7. a4 Bd6 8.
Nc3 Ngf6 9. b3 O-O 10. Bb2 c5 11. Nf3 b6 12. Ng5 Be5 13. f4 Bd4 14. e3 Bxc3 15.
Qxc3 Bb7 16. Bxb7 Rxb7 17. Nf3 Qe7 18. g4 Rd8 19. g5 Nh5 20. Rg1 b5 21. axb5
axb5 22. Rg4 b4 23. Qc2 Qd6 24. Rh4 g6 25. Qc4 Qc6 26. Qe2 Qd5 27. Qd1 Ng7 28.
d3 Rbb8 29. Ke2 Ra8 30. Qc2 Qb7 31. Rg4 Ra6 32. Rxa6 Qxa6 33. Rg1 Qd6 34. Ba1
Nh5 35. Qb2 f6 36. gxf6 Ndxf6 37. Ne5 Nd5 38. Qd2 Ra8 39. Rc1 Qe7 40. Nf3 Qd6
41. Be5 Qe7 42. Qc2 Ra5 43. Ra1 Rxa1 44. Bxa1 Qa7 45. Be5 c4 46. Bd4 cxd3+ 47.
Kxd3 Qa8 48. Ng5 h6 49. Ne4 Ng7 50. Qc4 Ne8 51. Qc2 Qa6+ 52. Kd2 Kf7 53. Ke1
Qa8 54. Kf2 Qd8 55. Kf3 Nd6 56. Nxd6+ Qxd6 57. Qc8 Ne7 58. Qb7 g5 59. Qe4 gxf4
60. Qxf4+ Qxf4+ 61. Kxf4 Nc6 62. Bc5 Na5 63. Bxb4 Nxb3 64. Ke4 Nc1 65. Bd2 Nb3
66. Bb4 Nc1 67. h4 Kg6 68. Bd2 Nb3 69. Bb4 Nc1 70. Bf8 h5 71. Bb4 Kf7 72. Bd6
Nb3 73. Bb4 Nc1 74. Bc3 Nb3 75. Bb4 1/2-1/2

[Event "España tch División de Honor 2013"]
[Site "Linares ESP"]
[Date "2013.09.11"]
[Round "4.41"]
[White "Navara, David"]
[Black "Bruzon Batista, Lazaro"]
[Result "1/2-1/2"]
[WhiteElo "2715"]
[BlackElo "2699"]
[PlyCount "102"]
[EventDate "2013.09.08"]
[EventType "team-tourn"]
[EventRounds "7"]
[EventCountry "ESP"]
[Source "lmi"]
[SourceDate "2013.09.08"]

1. e4 c5 2. Nf3 e6 3. d4 cxd4 4. Nxd4 Nc6 5. Nc3 Qc7 6. Be2 Nf6 7. O-O Be7 8.
Be3 O-O 9. f4 d6 10. Kh1 a6 11. a4 Nxd4 12. Qxd4 Bd7 13. Qd3 Bc6 14. a5 Nd7 15.
Bf3 Rac8 16. Rfd1 Rfe8 17. Qe2 Bf8 18. Rd2 g6 19. Qd1 b5 20. axb6 Nxb6 21. b3
Bb7 22. Na4 Nxa4 23. Rxa4 a5 24. h3 d5 25. exd5 exd5 26. Rd3 Bc6 27. Ra1 Bb5
28. Rxd5 Rxe3 29. Rxb5 Qxf4 30. Rd5 Rce8 31. Rd8 Qg3 32. Rxe8 Rxe8 33. Bd5 Bd6
34. Qg1 Kg7 35. Rf1 f6 36. Rf3 Qh4 37. Rf1 Re2 38. Bc4 Re7 39. Qf2 Qg5 40. Qd4
Bc7 41. h4 Qe5 42. Qxe5 Rxe5 43. Rd1 Kh6 44. g4 Re4 45. Rd7 Bg3 46. g5+ fxg5
47. hxg5+ Kxg5 48. Kg2 Be5 49. Rxh7 a4 50. Ra7 axb3 51. cxb3 Rg4+ 1/2-1/2

[Event "España tch División de Honor 2013"]
[Site "Linares ESP"]
[Date "2013.09.11"]
[Round "4.42"]
[White "Iturrizaga, Eduardo"]
[Black "Vallejo Pons, Francisco"]
[Result "0-1"]
[WhiteElo "2661"]
[BlackElo "2706"]
[PlyCount "77"]
[EventDate "2013.09.08"]
[EventType "team-tourn"]
[EventRounds "7"]
[EventCountry "ESP"]
[Source "lmi"]
[SourceDate "2013.09.08"]

1. Nf3 b6 2. g3 Bb7 3. Bg2 c5 4. c4 g6 5. O-O Bg7 6. Nc3 Nf6 7. d4 Ne4 8. Nxe4
Bxe4 9. d5 b5 10. cxb5 a6 11. bxa6 Rxa6 12. Bh3 h6 13. Nh4 Rd6 14. f3 Bxd5 15.
Bf4 e5 16. Be3 Qc7 17. Qc1 Na6 18. a3 Bb3 19. Bd2 c4 20. Ng2 f5 21. Kh1 Qc6 22.
Nh4 Nc5 23. Bb4 O-O 24. Qe3 Rc8 25. Rac1 Kh7 26. Qg1 e4 27. Bc3 exf3 28. Nxf3
Re8 29. Bg2 Ne4 30. Bxg7 Kxg7 31. Nd4 Qb6 32. e3 h5 33. Bxe4 Rxe4 34. Rf4 c3
35. Qf2 Bd5 36. Kg1 Qxb2 37. Qxb2 cxb2 38. Rb1 Rxf4 39. Ra1 0-1